Cell Biology: Organelles by Picture - Statistics

General Stats
  • This quiz has been taken 372 times
  • The average score is 8 of 16
Answer Stats
Picture Answer % Correct
Cell Nucleus
89%
Cell Nucleus
89%
Plasma Membrane
85%
Cytoplasm
80%
Mitochondria
80%
Golgi Apparatus
70%
Ribosome
67%
Rough Endoplasmic Reticulum
59%
Lysosome
54%
Smooth Endoplasmic Reticulum
54%
Nuclear Envelope
27%
Centrosome
19%
Microtubule
16%
Peroxisome
14%
Microfilament
8%
Intermediate Filament
6%
No matching quizzes found
Score Distribution
Percent of People with Each Score
Percentile by Number Answered
Your Score History
You have not taken this quiz